[Event "Sardegna Region-ch"]
[Site "Sardara"]
[Date "2011.05.28"]
[Round "5"]
[White "Caredda, Giuseppe"]
[Black "Pitzanti, Aldo"]
[Result "1-0"]
[WhiteElo "1608"]
[BlackElo "1401"]
[PlyCount "77"]
[EventDate "2011.05.23"]
[EventType "swiss"]
[EventRounds "8"]
[EventCountry "ITA"]
[SourceTitle "EXT 2023"]
[Source "ChessBase"]
[SourceDate "2022.10.05"]
[SourceVersion "1"]
[SourceVersionDate "2022.10.05"]
[SourceQuality "1"]

1. d4 d5 2. c4 e6 3. Nf3 Nf6 4. Nc3 a6 5. Bg5 Be7 6. e3 Nc6 7. a3 b6 8. Bd3 0-0 9. 0-0 dxc4 10. Bxc4 Bd6 11. d5 Ne7 12. Bxf6 gxf6 13. dxe6 Bxe6 14. Bxe6 fxe6 15. Nd4 Qd7 16. Qg4+ Kf7 17. Qh5+ Kg7 18. Ne4 Ng6 19. f4 f5 20. Ng5 Kh8 21. Rf3 Rf6 22. Rh3 Nf8 23. Qf3 Rb8 24. Rd1 Rg6 25. Ndxe6 Rxe6 26. Nxe6 Qxe6 27. Qf1 b5 28. b4 c5 29. bxc5 Bxc5 30. Rd3 b4 31. Qa1+ Kg8 32. Rg3+ Ng6 33. axb4 Bxb4 34. h4 h5 35. Qd1 Be7 36. Qxh5 Bxh4 37. Rxg6+ Qxg6 38. Qxg6+ Kf8 39. Qd6+ 1-0

[Event "Sardegna Region-ch"]
[Site "Sardara"]
[Date "2011.05.22"]
[Round "4"]
[White "Pitzanti, Aldo"]
[Black "Sanna, Yuri"]
[Result "0-1"]
[WhiteElo "1401"]
[BlackElo "1779"]
[PlyCount "72"]
[EventDate "2011.05.23"]
[EventType "swiss"]
[EventRounds "8"]
[EventCountry "ITA"]
[SourceTitle "EXT 2023"]
[Source "ChessBase"]
[SourceDate "2022.10.05"]
[SourceVersion "1"]
[SourceVersionDate "2022.10.05"]
[SourceQuality "1"]

1. d4 e5 2. e4 exd4 3. Qxd4 Nc6 4. Qd1 Nf6 5. Bg5 Bc5 6. Nc3 d6 7. Bxf6 Qxf6 8. Nf3 Bb4 9. Qd2 Bd7 10. Be2 Ne5 11. Nxe5 dxe5 12. 0-0 0-0-0 13. a3 Bxc3 14. Qxc3 h5 15. b4 g5 16. b5 h4 17. Qe3 Kb8 18. c4 h3 19. g3 c6 20. a4 Qe7 21. c5 Rdf8 22. Rfb1 f5 23. bxc6 Bxc6 24. exf5 Rxf5 25. Bb5 Qf6 26. Bxc6 Qxc6 27. Kf1 Rhf8 28. Ke2 Rxf2+ 29. Qxf2 Rxf2+ 30. Kxf2 Qxc5+ 31. Ke2 Qc2+ 32. Ke1 Qxh2 33. Kd1 Qxg3 34. Kc1 Qc3+ 35. Kd1 h2 36. Rc1 h1Q+ 0-1